000
00353pab a2200157 454500
008
180718b1998 xxu||||| |||| 00| 0 eng d
100
_a
Birla, K.K.
245
_a
Budget 98: a dream gone sour
260
_c
1998
300
_a
p.13
362
_a
26 May
650
_a
Budget - India
650
_a
Budget
773
_a
Hindustan Times
909
_a
38460
999
_c
38460
_d
38460